All Pseudo-Legendary Pokemon - Statistics

General Stats
  • This quiz has been taken 778 times
    742 since last reset
  • The average score is 7 of 9
Answer Stats
Answer % Correct
Dragonite
96%
Metagross
86%
Tyranitar
86%
Salamence
81%
Garchomp
79%
Goodra
73%
Hydreigon
66%
Dragapult
62%
Kommo-o
58%
No matching quizzes found
Score Distribution
Percent of People with Each Score
Percentile by Number Answered
Your Score History
You have not taken this quiz since the last reset